Diagnóstico del grado de automatización de la industria alimentaria

Đã lưu trong:
Chi tiết về thư mục
Tác giả chính: Cascante Ramírez, Anthony
Tác giả khác: Rodríguez Solera, Juan Ramón
Định dạng: Sách
Được phát hành: [San José , Costa Rica] 1985
Những chủ đề:
Các nhãn: Thêm thẻ
Không có thẻ, Là người đầu tiên thẻ bản ghi này!

MARC

LEADER 00000nam a2200000Ia 4500
003 002878
005 20221231144407.0
008 140114s1985 cr a m 000 ||s d
040 |c cru CEDI 
090 |a TFG 1607 
100 |a Cascante Ramírez, Anthony  |9 11147 
245 |a Diagnóstico del grado de automatización de la industria alimentaria 
260 |c 1985  |a [San José , Costa Rica] 
300 |a v,151 hojas :ilustraciones  
500 |a Proyecto de graduación (bachiller en ingeniería eléctrica)--Universidad de Costa Rica. Facultad de Ingeniería. Escuela de Ingeniería Eléctrica.Proyecto Eléctrico 1 
650 |x INDUSTRIAS ALIMENTICIAS  |9 14741 
700 |9 12727  |a Rodríguez Solera, Juan Ramón 
942 |c TFG 
999 |c 21213  |d 21213